000
00306nam a22001337a 4500
020
_a
6008-5000-01-0206
082
_a
894.812
_b
BEN/P
100
_a
GRACIOUS BENJAMIN
245
_a
PHALVARGAVILAKAL
260
_a
THRICHUR
_b
H & C BOOKS
_c
2006
300
_a
96
650
_a
FOOD & NUTRITION
_z
KERALA
942
_c
BK
999
_c
989
_d
989